| 000 | 01181cam a22001814a 4500 | ||
|---|---|---|---|
| 005 | 20250605164354.0 | ||
| 008 | 250528s ||||||||||||||||||||||||d | ||
| 035 | _a24229 | ||
| 040 |
_aGR-AtMCL _bgre _dGR-AtMCL _eAACR2 |
||
| 245 | 1 | _aΑφιέρωμα στα 40 Χρόνια Λειτουργίας της Μονάδας Εντατικής ΝοσηλεΊΑς Νεογνών (ΜΕΝΝ) του ΜΗΤΕΡΑ | |
| 260 |
_bΥγεία, _c2020 |
||
| 300 | _a36 | ||
| 520 | _aΣαράντα Χρόνια Προσφοράς της ΜΕΝΝ ΜΗΤΕΡΑ 1979-2019, Biochemical Basis of Hypoxic-Ischemic Encephalopathy in the Newborn, How to Prevent or Treat BPD: Rational Basis or Clinical Experience, Surfactant in Neonatal RDS: Past and Present and the Future, Αμφιβληστροείδοπάθεια της Προωρότητας (ΑτΠ): Βασικοί Σταθμοί στη Θεραπευτική Αντιμετώπιση, Εγκεφαλικό Αγγειακό Επεισόδιο στα Νεογνά, Όμιλος ΥΓΕΙΑ - Συνέδρια. | ||
| 700 | 1 |
_aΑποστολάκης Ιωάννης _99425 |
|
| 942 | _cCR | ||
| 999 |
_c9122 _d9122 |
||